| 000 | 00949nam a2200277Ia 4500 | ||
|---|---|---|---|
| 999 |
_c53686 _d53686 |
||
| 001 | 20734 | ||
| 003 | GE_BSU | ||
| 005 | 20221110150954.0 | ||
| 008 | 181216s2015||||xx |||||||||||||| ||eng|| | ||
| 020 | _a9780199570829x | ||
| 040 | _cGE_BSU | ||
| 041 | _aeng | ||
| 080 | _a341.1 O-73 | ||
| 245 |
_aOrigins and Evolution of the European Union / _cEdited by Desmond Dinan. |
||
| 250 | _aSecond edition | ||
| 264 |
_aOxford : _bOxford University Press, _c2014. |
||
| 300 |
_a422 p. ; _c24 cm. |
||
| 440 |
_aNew European Union Series _910434 |
||
| 500 | _aBibl. : p.389-413 | ||
| 500 | _aIndex. : p.415-422 | ||
| 653 | _aOrigins and Evolution of the European Union | ||
| 653 | _aПроисхождение и эволюция Европейского Союза | ||
| 653 | _aევროკავშირის ორიგინალები და ევოლუცია | ||
| 653 | _aსამართალი | ||
| 942 |
_cBK _2udc |
||